[Event "Landesliga Sued 1011"]
[Site "Bayern"]
[Date "2011.04.10"]
[Round "9.7"]
[White "Dengler, Dijana"]
[Black "Hart, Josef"]
[Result "1-0"]
[WhiteElo "2041"]
[BlackElo "1801"]
[PlyCount "83"]
[EventDate "2010.10.10"]
[EventType "team-tourn"]
[EventRounds "9"]
[EventCountry "GER"]
[SourceTitle "EXT 2012"]
[Source "ChessBase"]
[SourceDate "2011.11.24"]
[SourceVersion "1"]
[SourceVersionDate "2011.11.24"]
[SourceQuality "1"]
[WhiteTeam "Muenchen Zugzwang"]
[BlackTeam "Weilheim"]
[WhiteTeamCountry "GER"]
[BlackTeamCountry "GER"]

1. d4 Nf6 2. Nf3 d5 3. e3 e6 4. Bd3 Be7 5. 0-0 0-0 6. b3 b6 7. Bb2 Bb7 8. Nbd2 Nbd7 9. Ne5 c5 10. Qe2 Rc8 11. c4 h6 12. Rac1 dxc4 13. bxc4 cxd4 14. exd4 Nxe5 15. dxe5 Nd7 16. Rcd1 Qc7 17. f4 Nc5 18. Bc2 Rfd8 19. f5 exf5 20. Bxf5 Ne6 21. Qg4 Qc5+ 22. Kh1 Qe3 23. Ne4 Rxd1 24. Rxd1 Nf4 25. Bd4 Qe2 26. Qxe2 Nxe2 27. Bxc8 Bxe4 28. Be3 Bg5 29. Bxg5 hxg5 30. Rd2 Nf4 31. Kg1 Kf8 32. g3 Nd3 33. e6 fxe6 34. Bxe6 Ke7 35. Bh3 Kf6 36. Bf1 Ne5 37. Rd6+ Ke7 38. Rd1 Nf3+ 39. Kf2 Nxh2 40. Re1 Ng4+ 41. Kg1 Nf6 42. Bg2 1-0

[Event "Regionalliga SO 0506"]
[Site "Bayern"]
[Date "2006.04.02"]
[Round "9.4"]
[White "Meingast, Markus"]
[Black "Hart, Josef"]
[Result "1-0"]
[WhiteElo "2024"]
[BlackElo "1886"]
[PlyCount "29"]
[EventDate "2005.10.23"]
[EventType "team-tourn"]
[EventRounds "9"]
[EventCountry "GER"]
[SourceTitle "EXT 2007"]
[Source "ChessBase"]
[SourceDate "2006.11.23"]
[SourceVersion "1"]
[SourceVersionDate "2006.11.23"]
[SourceQuality "1"]
[WhiteTeam "Pang/Rosenheim II"]
[BlackTeam "Weilheim"]
[WhiteTeamCountry "GER"]
[BlackTeamCountry "GER"]

1. e4 e6 2. d4 d5 3. Nd2 dxe4 4. Nxe4 Nd7 5. Nf3 Ngf6 6. Nxf6+ Nxf6 7. Be3 Be7 8. Bd3 0-0 9. c3 b6 10. Qc2 Bb7 11. 0-0-0 Qd5 12. Kb1 a5 13. Rhe1 b5 14. Bg5 h6 15. Bxf6 1-0

[Event "Regionalliga SO 0506"]
[Site "Bayern"]
[Date "2005.12.11"]
[Round "4.5"]
[White "Hart, Josef"]
[Black "Mroz, Thomas"]
[Result "1/2-1/2"]
[WhiteElo "1883"]
[BlackElo "2035"]
[PlyCount "44"]
[EventDate "2005.10.23"]
[EventType "team-tourn"]
[EventRounds "9"]
[EventCountry "GER"]
[SourceTitle "EXT 2007"]
[Source "ChessBase"]
[SourceDate "2006.11.23"]
[SourceVersion "1"]
[SourceVersionDate "2006.11.23"]
[SourceQuality "1"]
[WhiteTeam "Weilheim"]
[BlackTeam "Trostberg TSV"]
[WhiteTeamCountry "GER"]
[BlackTeamCountry "GER"]

1. f4 d5 2. e3 Nf6 3. b3 c5 4. Bb2 Nc6 5. Bb5 Bd7 6. Nf3 e6 7. 0-0 Be7 8. d3 a6 9. Bxc6 Bxc6 10. Nbd2 b5 11. Qe1 0-0 12. Qg3 Bb7 13. Ne5 d4 14. exd4 cxd4 15. Ndf3 Bc5 16. f5 exf5 17. Ng5 h6 18. Rxf5 hxg5 19. Rxg5 Ne8 20. Rh5 Nf6 21. Rg5 Ne8 22. Rh5 Nf6 1/2-1/2